| 000 | 00000nam 2200000zi 4500 |
| 001 | 9.945512 |
| 003 | CaOODSP |
| 005 | 20241125115522 |
| 006 | m o d f |
| 007 | cr |n||||||||| |
| 008 | 241125s1971 onc o f000 0 fre d |
| 040 | |aCaOODSP|bfre|erda|cCaOODSP |
| 043 | |an-cn--- |
| 086 | 1 |aCP32-13/1971F-PDF|zCP32-13/1971 |
| 100 | 1 |aRitchie, Ronald S.,|d1927- |eauteur. |
| 245 | 13|aUn institut de recherches politiques : |bétude et recommendations / |cpar Ronald S. Ritchie. |
| 264 | 1|aOttawa : |b[Bureau du Conseil privé], |c1971. |
| 300 | |a1 ressource en ligne (vii, 107 pages) |
| 336 | |atexte|btxt|2rdacontent/fre |
| 337 | |ainformatique|bc|2rdamedia/fre |
| 338 | |aressource en ligne|bcr|2rdacarrier/fre |
| 500 | |aÉdition numérisée de l'imprimée [par Direction des publications du Gouvernement du Canada]. |
| 500 | |aPublié aussi en anglais sous le titre : An institute for research on public policy : a study and recommendations. |
| 500 | |a« Une étude préparée pour le Gouvernement du Canada. » |
| 500 | |a« Traduction, mai 1971. » |
| 650 | 6|aSciences de la politique|zCanada. |
| 650 | 6|aSciences sociales|xRecherche|zCanada. |
| 650 | 6|aÉconomie politique|xRecherche|zCanada. |
| 650 | 6|aScience politique|xRecherche|zCanada. |
| 651 | 6|aCanada|xPolitique économique. |
| 710 | 1 |aCanada. |bBureau du Conseil privé, |eorganisme de publication. |
| 775 | 08|tAn institute for research on public policy : |w(CaOODSP)9.945509 |
| 856 | 40|qPDF|s6.65 Mo|uhttps://publications.gc.ca/collections/collection_2024/bcp-pco/CP32-13-1971-fra.pdf |